| 000 | 00596nam a2200193Ia 4500 | ||
|---|---|---|---|
| 008 | 090123s9999 xx 000 0 und d | ||
| 082 | _b37508 | ||
| 100 | _aओशो | ||
| 245 | _aमुग्ध कहाणी प्रेमाची | ||
| 250 | _a1 | ||
| 260 |
_bमेहता प्रकाशन _c2005 |
||
| 300 | _a150+6 | ||
| 600 | _aओशो | ||
| 630 | _aमुग्ध कहाणी प्रेमाची | ||
| 700 | _aओशो | ||
| 700 | _aटाकळकर मीना | ||
| 730 | _aमुग्ध कहाणी प्रेमाची | ||
| 942 | _cBOOK | ||
| 999 |
_c75578 _d75578 |
||